00656 a2200157 4500010001400000020001100014035001300025037001600038082001100054100002200065245020000087260005700287270011300344300002400457700001700481 aENG-89561 c320.00 aEN-73094 bDBAD / PUB14a657.421 aMaheshwari, S. N.1 aCost accounting and financial management:cby S.N. Maheshwari and S.N. Mittalb[for paper 4, group II of professional Competence Course (P.C.C.) of the Institute of Chartered Accountant of India] aDelhi :bShree Mahavir Book Depot (Publishers)c2008 a2603, Nai Sarak,b DelhicDelhi :e110006k23262993, 23270792l011-23270792mmahavirpublications@hotmail.com a520p.c24 cm (pbk) aMittal, S.N.